Rock Bands by Song - Extreme - Statistics

General Stats
  • This quiz has been taken 297 times
  • The average score is 170 of 500
Answer Stats
Most Popular Song Artist Monthly Listeners % Correct
Back in Black AC/DC 19,528
93%
Bohemian Rhapsody Queen 33,232
91%
Dancing Queen ABBA 12,817
90%
Livin' On A Prayer Bon Jovi 16,902
88%
Sweet Child O' Mine Guns N' Roses 18,160
88%
Smells Like Teen Spirit Nirvana 14,906
87%
Paint It, Black The Rolling Stones 19,817
87%
Stayin' Alive Bee Gees 11,305
86%
I Don't Want to Miss a Thing Aerosmith 14,746
85%
Hotel California Eagles 14,253
85%
Rocket Man Elton John 23,981
85%
Stairway to Heaven Led Zeppelin 14,443
85%
Enter Sandman Metallica 16,172
85%
Purple Rain Prince 9,123
83%
Africa TOTO 12,923
83%
Piano Man Billy Joel 14,553
82%
Wonderwall Oasis 14,335
82%
Losing My Religion R.E.M. 10,801
82%
Creep Radiohead 11,829
81%
Here Comes the Sun The Beatles 23,231
80%
Zombie The Cranberries 9,907
80%
The Final Countdown Europe 5,032
79%
Don't Stop Believin' Journey 12,375
79%
Every Breath You Take The Police 14,344
79%
Paranoid Black Sabbath 7,976
77%
Smoke on the Water Deep Purple 6,641
77%
Pour Some Sugar on Me Def Leppard 5,195
77%
Sweet Home Alabama Lynyrd Skynyrd 11,250
77%
With Or Without You U2 15,611
77%
Jump Van Halen 9,153
77%
Basket Case Green Day 17,211
76%
Under the Bridge Red Hot Chili Peppers 20,158
76%
Imagine John Lennon 7,420
75%
Rebel Yell Billy Idol 6,400
74%
I Love Rock 'N Roll Joan Jett and the Blackhearts 3,612
74%
Never Gonna Give You Up Rick Astley 4,963
73%
Fortunate Son Creedence Clearwater Revival 13,977
72%
Can't Help Falling in Love Elvis Presley 12,477
72%
In the End Linkin Park 20,018
72%
Song 2 Blur 6,546
71%
More than a Feeling Boston 6,065
71%
Eye of the Tiger Survivor 7,270
71%
Should I Stay or Should I Go The Clash 8,798
71%
Baba O'Riley The Who 7,857
71%
Call Me Blondie 6,627
70%
Sultans of Swing Dire Straits 11,562
70%
Sweet Dreams (Are Made of This) Eurythmics 7,856
70%
I Was Made For Lovin' You KISS 8,731
70%
In The Air Tonight Phil Collins 14,469
70%
Black Hole Sun Soundgarden 4,782
70%
Everlong Foo Fighters 11,561
69%
Wish You Were Here Pink Floyd 13,631
69%
Anarchy in the UK Sex Pistols 1,318
69%
The Sound of Silence Simon and Garfunkel 9,035
69%
House Of The Rising Sun The Animals 5,005
69%
Carry on Wayward Son Kansas 6,765
68%
How You Remind Me Nickelback 9,907
68%
California Dreamin' The Mamas & The Papas 4,764
68%
Y.M.C.A. The Village People 3,104
68%
I Want it That Way Backstreet Boys 13,587
67%
(Don't Fear) The Reaper Blue Öyster Cult 4,148
67%
Johnny B. Goode Chuck Berry 4,114
67%
Barracuda Heart 5,929
67%
Are You Gonna Be My Girl Jet 3,863
67%
Sweet Caroline Neil Diamond 5,933
67%
Wouldn't It Be Nice The Beach Boys 10,134
67%
La Grange ZZ Top 6,041
67%
Hungry Like the Wolf Duran Duran 6,094
66%
Blitzkrieg Bop Ramones 3,754
66%
Everybody Wants to Rule the World Tears for Fears 8,373
66%
A Horse with No Name America 5,692
65%
Like a Rolling Stone Bob Dylan 9,548
65%
Dancing in the Dark Bruce Springsteen 12,178
65%
All Along the Watchtower Jimi Hendrix 7,823
65%
Chop Suey! System of a Down 8,800
65%
Seven Nation Army The White Stripes 7,986
65%
Heroes David Bowie 14,100
64%
American Pie Don McLean 5,320
64%
Mr. Blue Sky Electric Light Orchestra 9,495
64%
Iris Goo Goo Dolls 7,379
64%
Crazy Train Ozzy Osbourne 6,983
64%
Every Rose Has Its Thorn Poison 3,305
64%
Friday I'm in Love The Cure 10,228
64%
I'm A Believer The Monkees 4,099
64%
Free Fallin' Tom Petty 7,921
64%
We're Not Gonna Take It Twisted Sister 3,345
64%
Kryptonite 3 Doors Down 7,032
63%
Dreams Fleetwood Mac 18,043
63%
Photograph Ringo Starr 668
63%
All Star Smash Mouth 6,469
63%
Riders on the Storm The Doors 8,871
63%
You Really Got Me The Kinks 6,444
63%
Man in the Box Alice In Chains 4,677
62%
Poison Alice Cooper 3,875
61%
The Scientist Coldplay 34,167
61%
Freak on a Leash Korn 5,570
61%
Kickstart My Heart Mötley Crüe 5,388
61%
Heart of Gold Neil Young 6,156
61%
Bittersweet Symphony The Verve 5,699
61%
All The Small Things blink-182 12,162
60%
Psycho Killer Talking Heads 5,765
60%
Mr. Brightside The Killers 16,403
60%
Brown Eyed Girl Van Morrison 10,032
60%
Sunshine of Your Love Cream 4,467
59%
Don't Speak No Doubt 5,653
59%
Du Hast Rammstein 5,975
59%
Smooth Santana 8,115
59%
Loser Beck 5,332
58%
Invisible Touch Genesis 5,119
58%
Run to the Hills Iron Maiden 5,760
58%
Footloose Kenny Loggins 6,797
58%
Oh, Pretty Woman Roy Orbison 4,873
58%
1979 The Smashing Pumpkins 6,510
58%
Here I Go Again Whitesnake 5,440
58%
Cocaine Eric Clapton 10,927
57%
Bring Me To Life Evanescence 6,878
57%
Feel Good Inc. Gorillaz 11,322
57%
Breaking the Law Judas Priest 3,183
57%
Ace of Spades Motörhead 3,907
57%
Dragula Rob Zombie 2,253
57%
Tom Sawyer Rush 3,661
57%
The Joker Steve Miller Band 6,328
57%
My Sweet Lord George Harrison 5,767
56%
Born to Be Wild Steppenwolf 4,566
56%
Sabotage Beastie Boys 5,094
55%
Wind Of Change Scorpions 8,633
55%
I Want To Know What Love Is Foreigner 7,259
54%
White Rabbit Jefferson Airplane 2,619
54%
Hurt Johnny Cash 9,633
54%
Alive Pearl Jam 10,015
54%
We Built This City Starship 5,305
54%
Smooth Criminal Alien Ant Farm 2,411
53%
Complicated Avril Lavigne 12,081
53%
Me and Bobby McGee Janis Joplin 3,967
53%
Tutti Frutti Little Richard 1,448
53%
Killing in the Name Rage Against the Machine 6,854
53%
Owner of a Lonely Heart Yes 2,669
53%
Love Will Tear Us Apart Joy Division 3,587
52%
Symphony of Destruction Megadeth 3,020
52%
Cum on Feel the Noize Quiet Riot 2,914
52%
The Boys Are Back In Town Thin Lizzy 4,202
52%
Island in the Sun Weezer 9,660
52%
Do I Wanna Know? Arctic Monkeys 14,100
51%
Hit Me With Your Best Shot Pat Benatar 3,057
51%
September Earth, Wind & Fire 11,097
50%
The Beautiful People Marilyn Manson 5,228
50%
I'm Gonna Be (500 Miles) The Proclaimers 4,123
50%
Old Time Rock & Roll Bob Seger 5,165
49%
Enjoy the Silence Depeche Mode 7,834
49%
Great Balls Of Fire Jerry Lee Lewis 1,595
49%
Sex on Fire Kings of Leon 10,221
49%
FourFiveSeconds Paul McCartney 9,166
49%
Walk This Way Run-D.M.C. 3,783
49%
Hey, Soul Sister Train 13,773
49%
Need You Tonight INXS 5,290
48%
Jack & Diane John Mellencamp 4,832
48%
Rollin' (Air Raid Vehicle) Limp Bizkit 6,526
48%
Breathe Into Me Red 986
48%
Eternal Flame The Bangles 4,053
48%
That'll Be The Day Buddy Holly 1,525
47%
Tubthumping Chumbawamba 1,474
47%
One Last Breath Creed 3,637
47%
Holy Diver Dio 2,022
47%
Interstate Love Song Stone Temple Pilots 4,540
47%
Stressed Out Twenty One Pilots 17,562
47%
Are You Gonna Go My Way Lenny Kravitz 6,461
46%
Welcome to the Black Parade My Chemical Romance 8,047
46%
Can't Fight This Feeling REO Speedwagon 4,383
46%
Ironic Alannis Morisette 5,902
45%
The Power Of Love Huey Lewis & The News 4,578
45%
Blue Monday New Order 5,041
45%
Black Betty Ram Jam 2,134
45%
Video Killed the Radio Star The Buggles 2,438
45%
I Ran (So Far Away) A Flock of Seagulls 1,907
44%
Heat of the Moment Asia 1,163
44%
Mr. Jones Counting Crows 6,313
44%
Pumped Up Kicks Foster the People 11,618
43%
Celebrity Skin Hole 1,401
43%
The Gambler Kenny Rogers 5,248
43%
Counting Stars OneRepublic 30,010
43%
High Hopes Panic! at the Disco 20,835
43%
La Bamba Ritchie Valens 1,475
43%
Raining Blood Slayer 1,897
43%
Drive The Cars 4,667
43%
Semi-Charmed Life Third Eye Blind 4,147
43%
If You Leave Me Now Chicago 6,464
42%
Believer Imagine Dragons 33,881
42%
Safety Dance Men Without Hats 1,627
42%
Happy Together The Turtles 2,525
42%
Cherry Pie Warrant 1,836
42%
No Rain Blind Melon 2,972
41%
I Want You To Want Me Cheap Trick 4,115
41%
Centuries Fall Out Boy 18,279
41%
Closer Nine Inch Nails 2,746
41%
Walk Pantera 3,514
41%
Round and Round Ratt 1,130
41%
Turn! Turn! Turn! The Byrds 2,243
41%
Town Called Malice The Jam 1,663
41%
Centerfold The J. Geils Band 2,212
41%
I'm Not In Love 10cc 3,136
40%
You Make My Dreams (Come True) Darryl Hall & John Oates 10,436
40%
The Logical Song Supertramp 6,207
40%
American Woman The Guess Who 2,113
40%
Take Me Out Franz Ferdinand 4,298
39%
Where Is My Mind? Pixies 4,674
39%
Addicted To Love Robert Palmer 3,063
39%
Ramblin' Man The Allman Brothers Band 4,105
39%
The Weight The Band 3,654
39%
Misery Business Paramore 9,261
38%
Renegade Styx 3,640
38%
Like a Stone Audioslave 5,263
37%
Glycerine Bush 2,927
37%
Last Resort Papa Roach 7,441
37%
Chasing Cars Snow Patrol 7,658
37%
Bang a Gong (Get It On) T. Rex 3,172
37%
Madhouse Anthrax 1,150
36%
Girls Like You Maroon 5 46,806
36%
How to Save a Life The Fray 7,845
36%
Nights in White Satin The Moody Blues 2,165
36%
You're Gonna Go Far, Kid The Offspring 9,128
36%
There Is a Light That Never Goes Out The Smiths 5,542
36%
Lonely Boy Andrew Gold 798
35%
You Ain't Seen Nothing Yet Bachman-Turner Overdrive 2,124
35%
Dog Days Are Over Florence + The Machine 9,307
35%
Working for the Weekend Loverboy 1,642
35%
Reelin' In The Years Steely Dan 4,202
35%
Santeria Sublime 5,468
35%
Listen to the Music The Doobie Brothers 6,640
35%
Last Nite The Strokes 7,243
35%
Bad To The Bone George Thorogood & The Destroyers 1,784
34%
Love Hurts Nazareth 2,010
34%
Gives You Hell All-American Rejects 5,902
33%
The Sound of Silence Disturbed 8,070
33%
Take Me Home Tonight Eddie Money 2,436
33%
Uprising Muse 8,873
33%
Duality Slipknot 6,938
33%
The Devil Went Down To Georgia The Charlie Daniels Band 2,102
33%
Radar Love Golden Earring 1,905
32%
Mississippi Queen Mountain 1,506
32%
She Sells Sanctuary The Cult 1,611
32%
Pale Blue Eyes The Velvet Underground 3,708
32%
Time of the Season The Zombies 2,214
32%
Epic Faith No More 3,019
31%
Aqualung Jethro Tull 1,573
31%
The Middle Jimmy Eat World 4,802
31%
Common People Pulp 2,191
31%
I Can't Drive 55 Sammy Hagar 886
31%
Higher Love Steve Winwood 3,621
31%
In Too Deep Sum 41 5,931
31%
Long Cool Woman (In a Black Dress) The Hollies 3,628
31%
Joy To The World Three Dog Night 2,280
31%
Feel like Makin' Love Bad Company 2,737
30%
Jane Says Jane's Addiction 1,896
30%
Broken Wings Mr. Mister 1,944
30%
Schism Tool 2,619
30%
The Reason Hoobastank 5,009
29%
No One Knows Queens of the Stone Age 4,955
29%
Stuck In The Middle With You Stealers Wheel 3,272
29%
Lonely Boy The Black Keys 6,402
29%
Hail to the King Avenged Sevenfold 5,700
28%
December, 1963 (Oh What a Night) Frankie Valli & The Four Seasons 4,820
28%
Friend of the Devil Grateful Dead 3,038
28%
Running on Empty Jackson Browne 3,547
28%
Fire and Rain James Taylor 5,243
28%
All I Have to Do Is Dream The Everly Brothers 1,800
28%
Shut Up and Dance Walk the Moon 8,757
28%
Sister Christian Night Ranger 969
27%
Hard to Handle The Black Crowes 2,290
27%
Sweater Weather The Neighbourhood 10,538
27%
I Hate Everything About You Three Days Grace 6,396
27%
Shine Collective Soul 1,835
26%
Mmm Mmm Mmm Mmm Crash Test Dummies 1,178
26%
St Elmo's Fire John Parr 1,329
26%
Lightning Crashes Live 2,216
26%
The Tracks Of My Tears Smokey Robinson & The Miracles 1,693
26%
Hold On Loosely 38 Special 1,681
25%
Sail AWOLNATION 4,297
25%
Santa Monica Everclear 1,899
25%
Baker Street Gerry Rafferty 2,157
25%
Some Kind Of Wonderful Grand Funk Railroad 1,214
25%
Fox On The Run Sweet 2,679
25%
Heart Full of Soul The Yardbirds 1,001
25%
Crimson & Clover Tommy James & The Shondells 1,307
25%
Crash Into Me Dave Matthews Band 2,861
24%
Brandy (You're A Fine Girl) Looking Glass 2,327
24%
Cum on Feel the Noize Slade 554
24%
The Lion Sleeps Tonight The Tokens 781
24%
Dear Maria, Count Me In All Time Low 4,739
23%
Cigarette Daydreams Cage the Elephant 8,074
23%
Drive Incubus 4,702
23%
Push Matchbox Twenty 4,361
23%
Float On Modest Mouse 2,557
23%
Feel It Still Portugal. The Man 7,011
23%
Hunger Strike Temple of the Dog 1,390
23%
I Wanna be Adored The Stone Roses 1,999
23%
Blue Bayou Linda Ronstadt 2,252
22%
It's Been Awhile Staind 3,047
22%
Summer in the City The Lovin' Spoonful 1,972
22%
Miss Murder AFI 1,824
21%
Best Day Of My Life American Authors 5,348
21%
1985 Bowling For Soup 2,998
21%
The Diary of Jane Breaking Benjamin 4,722
21%
CMFT Must Be Stopped Corey Taylor 973
21%
Change (In the House of Flies) Deftones 2,785
21%
Ain't That A Shame Fats Domino 1,010
21%
East Bound and Down Jerry Reed 930
21%
The Less I Know The Better Tame Impala 13,476
21%
Ocean Avenue Yellowcard 2,921
21%
The Stroke Billy Squier 1,474
20%
I'm Shipping up to Boston Dropkick Murphys 2,302
20%
Bodies Drowning Pool 2,232
20%
Tempted Squeeze 881
20%
Free Ride The Edgar Winter Group 713
20%
Ophelia The Lumineers 10,411
20%
The Anthem Good Charlotte 4,309
19%
Flirtin' With Disaster Molly Hatchet 552
19%
I Will Wait Mumford & Sons 8,222
19%
Everybody Talks Neon Trees 5,575
19%
One Headlight The Wallflowers 1,875
19%
The Kill Thirty Seconds to Mars 4,785
19%
Heads Will Roll Yeah Yeah Yeahs 3,468
19%
I Love a Rainy Night Eddie Rabbitt 897
18%
Life's Been Good Joe Walsh 2,368
18%
Little Talks Of Monsters and Men 5,928
18%
Stranglehold Ted Nugent 1,832
18%
Steady As She Goes The Raconteurs 2,298
18%
Gimme Some Lovin' The Spencer Davis Group 1,315
18%
Happier Bastille 19,199
17%
Going Up The Country Canned Heat 1,506
17%
Mother Danzig 1,254
17%
Through the Fire and Flames DragonForce 1,497
17%
Reminiscing Little River Band 1,587
17%
Dead Man's Party Oingo Boingo 631
17%
Welcome to My Life Simple Plan 5,984
17%
Hall of Fame The Script 13,010
17%
Sundown Gordon Lightfoot 1,637
16%
She Hates Me Puddle of Mudd 3,011
16%
Stolen Dance Milky Chance 8,371
15%
Go All The Way Raspberries 618
15%
Copperhead Road Steve Earle 1,595
15%
Golden Brown The Stranglers 2,153
15%
Gimme Chocolate!! Babymetal 660
14%
Throne Bring Me The Horizon 5,423
14%
Tears Don't Fall Bullet For My Valentine 2,998
14%
Square Hammer Ghost 1,667
14%
Highway Tune Greta Van Fleet 2,155
14%
King For A Day Pierce The Veil 1,758
14%
Amie Pure Prairie League 749
14%
Time Bomb Rancid 1,073
14%
Fake It Seether 4,950
14%
Monster Skillet 5,259
14%
Pride and Joy Stevie Ray Vaughn 2,169
14%
Headstrong Trapt 2,154
14%
Slither Velvet Revolver 1,359
14%
Wake Up Arcade Fire 4,282
13%
Red Flag Billy Talent 2,703
13%
Wagon Wheel Darius Rucker 4,748
13%
Cool Kids Echosmith 2,683
13%
Youth of the Nation P.O.D. 2,501
13%
Love Song Tesla 835
13%
This Old Heart Of Mine (Is Weak For You) The Isley Brothers 3,813
13%
Rx (Medicate) Theory of a Deadman 3,446
13%
Dear Mr. Fantasy Traffic 744
13%
I Will Follow You Into the Dark Death Cab For Cutie 3,338
12%
Pull Me Under Dream Theater 1,215
12%
The Drug In Me Is You Falling in Reverse 3,259
12%
Wrong Side of Heaven Five Finger Death Punch 5,485
12%
I Stand Alone Godsmack 3,591
12%
If You Tolerate This Your Children Will Be Next Manic Street Preachers 1,310
12%
Savior Rise Against 5,031
12%
Through Glass Stone Sour 3,865
12%
Somebody Else The 1975 10,493
12%
Cough Syrup Young the Giant 4,070
12%
Electric Love Borns 9,302
11%
Ooh La La Faces 2,443
11%
Undead Hollywood Undead 3,631
11%
Great Southern Land Icehouse 714
11%
Wham Bang Shang-A-Lang Silver 723
11%
The Letter The Box Tops 640
11%
I Wanna Be Somebody W.A.S.P. 872
11%
Judith A Perfect Circle 1,625
10%
I'd Love You to Want Me Lobo 1,253
10%
Lonesome Town Ricky Nelson 1,342
10%
Click Click Boom Saliva 2,085
10%
Face Down The Red Jumpsuit Apparatus 2,924
10%
The Taste of Ink The Used 1,878
10%
Unsteady X Ambassadors 11,058
10%
Ghost Town Adam Lambert 2,663
9%
Song of the South Alabama 2,980
9%
Metalingus Alter Bridge 1,663
9%
Fooled Around And Fell In Love Elvin Bishop 919
9%
Come With Me Now Kongos 1,106
9%
Here It Goes Again OK Go 1,136
9%
Second Chance Shinedown 4,975
9%
Beautiful Ones Suede 788
9%
The Freshmen The Verve Pipe 711
9%
Let's Dance to Joy Division The Wombats 3,266
9%
Easy Livin' Uriah Heep 786
9%
In The End Black Veil Brides 1,314
8%
Alone Again Dokken 653
8%
I Miss the Misery Halestorm 2,044
8%
Surfing with the Alien Joe Satriani 583
8%
You And Me Lifehouse 4,029
8%
Can't You See The Marshall Tucker Band 1,885
8%
What You Know Two Door Cinema Club 5,139
8%
Weak AJR 7,272
7%
Zombie Bad Wolves 2,920
7%
You Know My Name Chris Cornell 2,270
7%
All Around Me Flyleaf 1,044
7%
Hokus Pokus Insane Clown Posse 572
7%
Danny's Song Loggins & Messina 1,222
7%
Kayleigh Marillion 1,129
7%
Fishin In the Dark Nitty Gritty Dirt Band 1,963
7%
Gone, Gone, Gone Phillip Phillips 2,443
7%
Alright Supergrass 2,585
7%
Dare You To Move Switchfoot 1,733
7%
Still Counting Volbeat 3,731
7%
Banquet Bloc Party 2,197
6%
If I Ever Leave This World Alive Flogging Molly 875
6%
Shimmer Fuel 1,567
6%
My Curse Killswitch Engage 2,131
6%
Miserable At Best Mayday Parade 2,068
6%
Little Wonders Rob Thomas 1,517
6%
Stumblin' In Suzi Quatro 948
6%
Could Have Been Me The Struts 1,198
6%
Two Weeks All That Remains 1,364
5%
Cecelia and the Satellite Andrew McMahon 725
5%
Baby Blue Badfinger 898
5%
Welcome Home Coheed and Cambria 1,128
5%
Over You Daughtry 2,872
5%
Blood // Water grandson 4,417
5%
Evil Interpol 2,223
5%
Happy? Mudvayne 1,525
5%
S.O.B. Nathaniel Rateliff & The Night Sweats 1,639
5%
To Hell and Back Sabaton 1,967
5%
Until the Day I Die Story of the Year 1,041
5%
Heaven Knows The Pretty Reckless 1,622
5%
11 Minutes Yungblud 6,966
5%
Anthem for the Underdog 12 Stones 632
4%
The Feel Good Drag Anberlin 780
4%
Doomsday Architects 748
4%
My Own Grave As I Lay Dying 941
4%
White Washed August Burns Red 640
4%
Stranded Gojira 1,517
4%
Come A Little Bit Closer Jay & The Americans 1,224
4%
Willin' Little Feat 929
4%
Vice Grip Parkway Drive 1,404
4%
Be My Escape Relient K 1,054
4%
Figure It Out Royal Blood 2,082
4%
You're Going Down Sick Puppies 1,434
4%
My Demons Starset 2,207
4%
Angel With A Shotgun The Cab 1,695
4%
In Waves Trivium 1,875
4%
Sad Song We The Kings 3,950
4%
Drink Alestorm 822
3%
Cardiac Arrest Bad Suns 1,596
3%
You Don't Know Me Ben Folds 638
3%
First Cold War Kids 2,969
3%
Right Place Wrong Time Dr. John 1,173
3%
Hearts on Fire HammerFall 794
3%
Choke I DONT KNOW HOW BUT THEY FOUND ME 1,610
3%
Only for the Weak In Flames 1,549
3%
Is There Anybody Out There? Machine Head 1,334
3%
I Can Only Imagine MercyMe 1,563
3%
God's Not Dead (Like A Lion) Newsboys 866
3%
Noise Nightwish 1,731
3%
Army of the Night Powerwolf 1,077
3%
Geronimo Sheppard 2,998
3%
Soul On Fire Third Day 501
3%
Courtesy Call Thousand Foot Krutch 2,232
3%
A Boy Brushed Red Living in Black and White Underoath 1,016
3%
I Won't Give In Asking Alexandria 2,728
2%
White Trash Millionaire Black Stone Cherry 1,077
2%
Oh My My Blue October 962
2%
God Only Knows for King and Country 2,195
2%
Take It All Back Judah & The Lion 1,857
2%
Amsterdam Nothing But Thieves 2,415
2%
Footsteps Pop Evil 1,840
2%
Alive With the Glory of Love Say Anything 524
2%
Invincible Adelitas Way 1,067
1%
On My Own Ashes Remain 789
1%
Horns Bryce Fox 1,089
1%
Who Am I Casting Crowns 1,840
1%
Cold Crossfade 1,143
1%
Scars I Prevail 3,378
1%
Reflections Misterwives 3,318
1%
Morocco Moon Taxi 1,394
1%
Brother NEEDTOBREATHE 2,884
1%
Loud Pipes Ratatat 863
1%
Come to the Table Sidewalk Prophets 607
1%
Maybe It's Time Sixx:A.M. 1,153
1%
By Your Side Tenth Avenue North 850
1%
Broken Hallelujah The Afters 760
1%
I'm Good The Mowgli's 1,390
1%
Start A Fire Unspoken 754
1%
Magnify We Are Messengers 606
1%
Through It All From Ashes to New 1,394
0%
High Sir Sly 883
0%
Chasing Cars The Wind and the Wave 548
0%
So Good at Being in Trouble Unkown Mortal Orchestra 2,465
0%
No matching quizzes found
Score Distribution
Percent of People with Each Score
Percentile by Number Answered
Your Score History
You have not taken this quiz